Spojování lepenkových obalů lepením
Lepiace pásky ako pomocné obalové prostriedky. Klasické papierové lepiace pásky reaktivované vodou. Výroba lepiacich pások. Vlastnosti lepiacich pások aktivovaných vodou. Aplikácia klasických lepiacich pások. Zariadenia na aplikáciu klasických lepiacich pások. Výrobcovia vodou aktivovaných lepiacich...
Na minha lista:
| Autor principal: | |
|---|---|
| Formato: | Capítulo de Livro |
| Idioma: | tcheco |
| Assuntos: | |
| Tags: |
Sem tags, seja o primeiro a adicionar uma tag!
|
MARC
| LEADER | 00000naa a2200000 4500 | ||
|---|---|---|---|
| 001 | 0200430 | ||
| 005 | 20231211081038.2 | ||
| 041 | 0 | |a cze | |
| 044 | |a CZ | ||
| 245 | 1 | 0 | |a Spojování lepenkových obalů lepením |c Miloslav Vítek |
| 520 | |a Lepiace pásky ako pomocné obalové prostriedky. Klasické papierové lepiace pásky reaktivované vodou. Výroba lepiacich pások. Vlastnosti lepiacich pások aktivovaných vodou. Aplikácia klasických lepiacich pások. Zariadenia na aplikáciu klasických lepiacich pások. Výrobcovia vodou aktivovaných lepiacich pások. Lepiace pásky s nánosom termoplastov. | ||
| 610 | 2 | 0 | |a obaly |
| 610 | 2 | 0 | |a balenie |
| 610 | 2 | 0 | |a technika obalová |
| 610 | 2 | 0 | |a výroba |
| 610 | 2 | 0 | |a papier |
| 100 | 1 | |a Vítek, Miloslav | |